| 000 | 00891nam a2200253 a 4500 | ||
|---|---|---|---|
| 001 | 000011667 | ||
| 005 | 20240529124642.0 | ||
| 008 | 091022s1980 ve 000 f spa d | ||
| 040 |
_aDO-SdBNP _bspa _cBNPHU |
||
| 082 |
_aB869.4 _bR175s |
||
| 100 | 1 |
_aRamos, Graciliano, _c1892-1953 _927661 |
|
| 240 | 1 | 0 |
_aSao Bernardo _lEspañol |
| 245 | 1 | 0 |
_aSan Bernardo / _cGraciliano Ramos ; traducción, Saúl Ibargoyen Islas. |
| 260 |
_aMonte Avila : _bCaracas, Venezuela, _c1980. |
||
| 300 |
_a191 p. ; _c18 cm. |
||
| 490 | 1 | _aContinentes | |
| 500 | _aIncluye glosario de términos | ||
| 534 |
_pTítulo original en portugués: _tSao Bernardo _b29a ed. _cRio de Janeiro, Brasil : Rio de Janeiro, 1979. |
||
| 650 | 0 |
_aNovela brasileña _913650 |
|
| 650 | 4 |
_aLiteratura brasileña _ySIGLO XX _94716 |
|
| 700 | 1 |
_aIbargoyen Islas, Saúl, _etr. _922022 |
|
| 830 | 0 |
_aContinentes _95341 |
|
| 049 | _aBNGR | ||
| 999 |
_c11354 _d11354 |
||